Análisis y comparación de algoritmos de clasificación de señales cerebrales para una interfaz cerebro-computador
Guardado en:
| Hovedforfatter: | |
|---|---|
| Andre forfattere: | , , , |
| Format: | Bog |
| Sprog: | Spanish |
| Udgivet: |
[San José], Costa Rica
2013
|
| Fag: | |
| Tags: |
Tilføj Tag
Ingen Tags, Vær først til at tagge denne postø!
|
MARC
| LEADER | 00000nam a22000007a 4500 | ||
|---|---|---|---|
| 003 | 011783 | ||
| 005 | 20230822084410.0 | ||
| 008 | 150901b2013 cr a|||| |||| 00| ||spa d | ||
| 040 | |c cru CEDI | ||
| 100 | |a Dumani Jarquín, Diego Sayed, 1989- |9 1160 | ||
| 245 | |a Análisis y comparación de algoritmos de clasificación de señales cerebrales para una interfaz cerebro-computador | ||
| 260 | |a [San José], Costa Rica |c 2013 | ||
| 300 | |a xi hojas, 46 páginas : ilustraciones | ||
| 500 | |a Seminario de graduación (licenciatura en ingeniería eléctrica)--Universidad de Costa Rica. Facultad de Ingeniería. Escuela de Ingeniería Eléctrica | ||
| 501 | |a Director de Seminario de Graduación: Dr. Lochi Yu Lo | ||
| 610 | |x ALGORITMOS |x PROCESAMIENTO DE SEÑALES |x INTERFASES CEREBRO-COMPUTADORA |x REDES NEURALES (COMPUTADORAS) |x PROCESAMIENTO DE SEÑALES - PROCESAMIENTO DE DATOS |x PROCESAMIENTO DE SEÑALES - MODELOS MATEMATICOS |x ELECTROENCEFALOGRAFIA |x INTERACCION HUMANA CON LAS COMPUTADORAS |9 1076 | ||
| 700 | |9 1161 |a Garita Rodríguez, Esteban José, 1990- | ||
| 700 | |9 1073 |a Hernández Vargas, José Daniel | ||
| 700 | |9 1162 |a Sánchez Vargas, Jesús Leonel. 1990- | ||
| 700 | |9 840 |a Lochi Yu Lo, |d Director del TFG | ||
| 942 | |c CEDI |h TFG 6952 |6 TFG_6952_000000000000000 | ||
| 999 | |c 13962 |d 13962 | ||
